ملوك المسلمين المعاصرون و دولهم : (Record no. 27469)

MARC details
000 -LEADER
fixed length control field 00721nam a22001817a 4500
005 - DATE AND TIME OF LATEST TRANSACTION
control field 20251108165422.0
008 - FIXED-LENGTH DATA ELEMENTS--GENERAL INFORMATION
fixed length control field 250721s1933 xx 000 0 ara d
082 14 - DEWEY DECIMAL CLASSIFICATION NUMBER
Classification number م/956/أمي
100 1# - MAIN ENTRY--PERSONAL NAME
Personal name سعيد، أمين محمد
245 10 - TITLE STATEMENT
Title ملوك المسلمين المعاصرون و دولهم :
Remainder of title دائرة معارف سياسية شرقية في جزئين مع ملحق خاص /
264 1# - PRODUCTION, PUBLICATION, DISTRIBUTION, MANUFACTURE, AND COPYRIGHT NOTICE
Place of production, publication, distribution, manufacture القاهرة :
Name of producer, publisher, distributor, manufacturer مطبعة عيسى البابي الحلبي و شركاه،
Date of production, publication, distribution, manufacture, or copyright notice 1933.
300 ## - PHYSICAL DESCRIPTION
Extent 2ج في مجلد واحد
490 0# - SERIES STATEMENT
Series statement يحتوي على 137 معاهدة و وثيقة سياسية
650 17 - SUBJECT ADDED ENTRY--TOPICAL TERM
Topical term or geographic name as entry element العرب
650 17 - SUBJECT ADDED ENTRY--TOPICAL TERM
Topical term or geographic name as entry element التاريخ السياسي
942 ## - ADDED ENTRY ELEMENTS (KOHA)
Source of classification or shelving scheme Dewey Decimal Classification
Koha item type References
Holdings
حالة السحب حالة الفقدان مصدر التصنيف حالة التلف غير قابل للإعارة المكتبة الرئيسية المكتبة الحالية موقع الرف تاريخ التزويد الرقم المتسلسل Total Checkouts رقم الإستدعاء الباركود تاريخ آخر ظهور تاريخ الفاتورة نوع المادة (كوها)
    Dewey Decimal Classification   Not For Loan المكتبة المركزية المكتبة المركزية مراجع 06/07/2004 61073   م/956/أمي 61073 28/07/2025 06/07/2004 References
Implemented & Customized by: BBB with SCIT (Smart Chains for Information Technology)

Powered by Koha